[Event "Barcelona Sant Marti op-B 20th"]
[Site "Barcelona"]
[Date "2018.07.16"]
[Round "4"]
[White "Lopez Nadal, Alex"]
[Black "Palau Soriano, Ricard"]
[Result "1-0"]
[WhiteElo "1794"]
[BlackElo "1637"]
[PlyCount "49"]
[EventDate "2018.07.13"]
[EventType "swiss"]
[EventRounds "9"]
[EventCountry "ESP"]
[SourceTitle "EXT 2019"]
[Source "ChessBase"]
[SourceDate "2018.10.10"]
[SourceVersion "1"]
[SourceVersionDate "2018.10.10"]
[SourceQuality "1"]

1. e4 d6 2. d4 g6 3. c4 Bg7 4. Nc3 Nf6 5. Be2 0-0 6. Bg5 Nbd7 7. f4 e5 8. dxe5 dxe5 9. Nf3 Re8 10. fxe5 Nxe5 11. Qxd8 Rxd8 12. Nxe5 Re8 13. Nf3 Nxe4 14. Nxe4 Rxe4 15. Rb1 Bf5 16. Kf2 Rxe2+ 17. Kxe2 Re8+ 18. Kf2 Bxb1 19. Rxb1 h6 20. Be3 g5 21. h3 f5 22. Bd4 Bxd4+ 23. Nxd4 Re4 24. Ne2 Rxc4 25. Rc1 1-0